METHODLOGY AND TECHNIQUES OF SOCIAL RESEARCH (Record no. 11229)

MARC details
000 -LEADER
fixed length control field 00355nam a22001577a 4500
003 - CONTROL NUMBER IDENTIFIER
control field SGT
020 ## - INTERNATIONAL STANDARD BOOK NUMBER
International Standard Book Number 81-7040-495-9
082 ## - DEWEY DECIMAL CLASSIFICATION NUMBER
Classification number 301.072
Item number M92B
100 ## - MAIN ENTRY--PERSONAL NAME
Personal name BHANDARKAR,P.L
245 ## - TITLE STATEMENT
Title METHODLOGY AND TECHNIQUES OF SOCIAL RESEARCH
250 ## - EDITION STATEMENT
Edition statement 9TH
260 ## - PUBLICATION, DISTRIBUTION, ETC. (IMPRINT)
Place of publication, distribution, etc BOMBAY
Name of publisher, distributor, etc HIMALAYA PUB
Year of Publication 1992
300 ## - PAGE DESCRIPTION
No. of Pages 456
650 ## - SUBJECT ADDED ENTRY--TOPICAL TERM
Topical term or geographic name as entry element PHARMACY
942 ## - ADDED ENTRY ELEMENTS (KOHA)
Source of classification or shelving scheme Dewey Decimal Classification
Koha item type Books
Holdings
Withdrawn status Lost status Source of classification or shelving scheme Damaged status Use restrictions Not for loan Collection code Home library Current library Shelving location Date acquired Vendor Name Cost, normal purchase price SGTU Full call number Accession No. (Barcode) Date last seen Bill Date Koha item type
    Dewey Decimal Classification   Restricted Access   PHARMACY SGT FA-FP Library SGT FA-FP Library Reference Book 16/03/2017 AHUJA PUB 70.00 SGTU 301.072 M92B FP2289 16/03/2017 16/03/2017 Books